<?xml version="1.0" encoding="UTF-8"?>
<collection xmlns="http://www.loc.gov/MARC21/slim">
 <record>
  <leader>01256nam a22003857a 4500</leader>
  <controlfield tag="001">000014375</controlfield>
  <controlfield tag="003">CZ-PrVSE</controlfield>
  <controlfield tag="005">19980408000000.0</controlfield>
  <controlfield tag="008">960627s1985    xxu           ||||| eng |</controlfield>
  <datafield tag="020" ind1=" " ind2=" ">
   <subfield code="a">0-07-054685-1</subfield>
   <subfield code="q">(váz.)</subfield>
  </datafield>
  <datafield tag="040" ind1=" " ind2=" ">
   <subfield code="a">ABA006</subfield>
   <subfield code="b">cze</subfield>
   <subfield code="c">ABA006</subfield>
   <subfield code="d">ABA006</subfield>
  </datafield>
  <datafield tag="041" ind1="0" ind2=" ">
   <subfield code="a">eng</subfield>
  </datafield>
  <datafield tag="044" ind1=" " ind2=" ">
   <subfield code="a">xxu</subfield>
  </datafield>
  <datafield tag="080" ind1=" " ind2=" ">
   <subfield code="a">330.101</subfield>
  </datafield>
  <datafield tag="080" ind1=" " ind2=" ">
   <subfield code="a">330.1</subfield>
  </datafield>
  <datafield tag="099" ind1=" " ind2="9">
   <subfield code="a">330.1SAM</subfield>
  </datafield>
  <datafield tag="100" ind1="1" ind2=" ">
   <subfield code="a">Nordhaus, William D.,</subfield>
   <subfield code="d">1941-</subfield>
   <subfield code="7">xx0020063</subfield>
   <subfield code="4">aut</subfield>
  </datafield>
  <datafield tag="245" ind1="1" ind2="0">
   <subfield code="a">Economics /</subfield>
   <subfield code="c">Paul A. Samuelson, William D. Nordhaus</subfield>
  </datafield>
  <datafield tag="250" ind1=" " ind2=" ">
   <subfield code="a">12th ed.</subfield>
  </datafield>
  <datafield tag="260" ind1=" " ind2=" ">
   <subfield code="a">New York [etc.] :</subfield>
   <subfield code="b">McGraw-Hill,</subfield>
   <subfield code="c">1985</subfield>
  </datafield>
  <datafield tag="300" ind1=" " ind2=" ">
   <subfield code="a">xxxiii, 950 s. :</subfield>
   <subfield code="b">tab., obr., gr.</subfield>
  </datafield>
  <datafield tag="500" ind1=" " ind2=" ">
   <subfield code="a">Rejstř.</subfield>
  </datafield>
  <datafield tag="650" ind1="0" ind2="7">
   <subfield code="a">ekonomie</subfield>
   <subfield code="7">ph114430</subfield>
   <subfield code="2">czenas</subfield>
  </datafield>
  <datafield tag="650" ind1="0" ind2="7">
   <subfield code="a">makroekonomie</subfield>
   <subfield code="7">ph115205</subfield>
   <subfield code="2">czenas</subfield>
  </datafield>
  <datafield tag="650" ind1="0" ind2="7">
   <subfield code="a">mikroekonomie</subfield>
   <subfield code="7">ph115305</subfield>
   <subfield code="2">czenas</subfield>
  </datafield>
  <datafield tag="655" ind1=" " ind2="7">
   <subfield code="a">učebnice</subfield>
   <subfield code="7">fd133770</subfield>
   <subfield code="2">czenas</subfield>
  </datafield>
  <datafield tag="650" ind1="0" ind2="9">
   <subfield code="a">economics</subfield>
   <subfield code="2">eczenas</subfield>
  </datafield>
  <datafield tag="650" ind1="0" ind2="9">
   <subfield code="a">macroeconomics</subfield>
   <subfield code="2">eczenas</subfield>
  </datafield>
  <datafield tag="650" ind1="0" ind2="9">
   <subfield code="a">microeconomics</subfield>
   <subfield code="2">eczenas</subfield>
  </datafield>
  <datafield tag="655" ind1=" " ind2="9">
   <subfield code="a">textbooks</subfield>
   <subfield code="2">eczenas</subfield>
  </datafield>
  <datafield tag="700" ind1="1" ind2=" ">
   <subfield code="a">Samuelson, Paul Anthony,</subfield>
   <subfield code="d">1915-2009</subfield>
   <subfield code="7">jn19990007329</subfield>
   <subfield code="4">aut</subfield>
  </datafield>
  <datafield tag="BAS" ind1=" " ind2=" ">
   <subfield code="a">PNGMM</subfield>
  </datafield>
  <datafield tag="996" ind1=" " ind2=" ">
   <subfield code="1">PDPZ2</subfield>
   <subfield code="3">F173029</subfield>
   <subfield code="4">PC=91239</subfield>
   <subfield code="5">3142028895</subfield>
   <subfield code="8">20030807</subfield>
   <subfield code="9">330.1SAM</subfield>
   <subfield code="f">81</subfield>
   <subfield code="l">UEP01</subfield>
   <subfield code="m">BOOK</subfield>
   <subfield code="q">Knihovna Žižkov depoz. 2</subfield>
   <subfield code="t">na 1 měsíc</subfield>
   <subfield code="u">UEP01</subfield>
   <subfield code="w">20030918</subfield>
  </datafield>
 </record>
</collection>
